| 000 | 01361nam2a22003251 4500 | ||
|---|---|---|---|
| 001 | RU\NLR\A1SV\107811 | ||
| 005 | 20251203152403.2 | ||
| 035 | _a(NLR Aleph) 009789164 | ||
| 090 |
_a13486659 _c13486659 |
||
| 100 | _a20101008d1923 u y0rusy50 ca | ||
| 101 | 0 | _arus | |
| 200 | 0 | _a№ 1 | |
| 215 | _a176 с. | ||
| 327 | 0 | _aАвт.: Кийков, Горелов, Готовцев, Алексакин, Тарасова, Опарин, И.О.Зайкин, Ковшова, Карташов, С.Доронин и др. | |
| 461 | 1 |
_1001RU\NLR\A1SV\107810 _12000#$v№ 1 _910129141 _cУфа _d1923 _fПод ред. А.Ковшовой _nБашк. обл. ком. РКП(б) _oИст. сб. ст., воспоминаний, мемуаров и очерков Башк. обл. бюро Истпарта _tРеволюционное прошлое _v№ 1 |
|
| 702 | 1 |
_aКийков _bА.А. _f1872-1931 _gАлексей Алексеевич |
|
| 702 | 1 | _aГорелов | |
| 702 | 1 |
_aГотовцев _bА.И. _f1883-1969 _gАлексей Иванович |
|
| 702 | 1 | _aАлексакин | |
| 702 | 1 | _aТарасова | |
| 702 | 1 | _aОпарин | |
| 702 | 1 |
_aЗайкин _bИ.О. |
|
| 702 | 1 | _aКарташов | |
| 702 | 1 |
_aДоронин _bС. |
|
| 801 | 0 |
_aRU _bNLR _c20101008 |
|
| 942 | _cBOOK | ||
| 980 | _aA1SV | ||
| 980 | _aA1SV | ||
| 980 | _aNB | ||